[Event "Fagernes GM-A 2019"]
[Site "Fagernes"]
[Date "2019.04.18"]
[Round "6.8"]
[White "Nielsen, Andre"]
[Black "Santarius, Erik"]
[Result "1-0"]
[WhiteElo "2201"]
[BlackElo "2411"]
[Annotator "NA"]
[PlyCount "81"]
[EventDate "2019.04.14"]
[EventType "tourn"]
[EventCountry "NOR"]
[SourceTitle "playchess.com"]
[Source "ChessBase"]
[SourceQuality "1"]
[TimeControl "40/7200:3600"]

1. e4 {[%emt 0:00:06]} c5 {[%emt 0:00:07]} 2. Nf3 {[%emt 0:00:42]} d6 {[%emt 0:00:13]} 3. d4 {[%emt 0:00:12]} cxd4 {[%emt 0:00:13]} 4. Nxd4 {[%emt 0:00:13]} Nf6 {[%emt 0:00:23]} 5. Nc3 {[%emt 0:00:15]} a6 {[%emt 0:00:26]} 6. Bg5 {[%emt 0:02:19]} e6 {[%emt 0:00:14]} 7. f4 {[%emt 0:00:37]} Nbd7 {[%emt 0:01:39]} 8. Qf3 {[%emt 0:06:25]} h6 {[%emt 0:07:16]} 9. Bh4 {[%emt 0:01:09]} Rg8 {[%emt 0:03:30]} 10. f5 {[%emt 0:22:23]} Ne5 {[%emt 0:02:06]} 11. Qh3 {[%emt 0:05:17]} g5 {[%emt 0:08:15]} 12. fxg6 {[%emt 0:06:44]} Rxg6 {[%emt 0:02:00]} 13. O-O-O {[%emt 0:03:22]} Be7 {[%emt 0:10:24]} 14. Be2 {[%emt 0:01:55]} b5 {[%emt 0:04:34]} 15. a3 {[%emt 0:12:13]} Bb7 {[%emt 0:03:31]} 16. Nf3 {[%emt 0:12:28]} Nfg4 {[%emt 0:04:19]} 17. Nxe5 {[%emt 0:01:59]} Nxe5 {[%emt 0:00:22]} 18. Bg3 {[%emt 0:01:32]} Qa5 {[%emt 0:08:56]} 19. Kb1 {[%emt 0:04:36]} b4 {[%emt 0:02:00]} 20. axb4 {[%emt 0:01:22]} Qxb4 {[%emt 0:00:33]} 21. Bxe5 {[%emt 0:02:27]} dxe5 {[%emt 0:00:34]} 22. Bh5 {[%emt 0:00:44]} Rf6 {[%emt 0:01:14]} 23. Rhf1 {[%emt 0:01:08]} Rxf1 {[%emt 0:16:57]} 24. Rxf1 {[%emt 0:00:29]} O-O-O {[%emt 0:00:11]} 25. Bxf7 {[%emt 0:01:19]} Kb8 {[%emt 0:00:42]} 26. Qxe6 {[%emt 0:02:14]} Bc5 {[%emt 0:00:36]} 27. Qxe5+ {[%emt 0:03:15]} Ka7 {[%emt 0:04:18]} 28. Bd5 {[%emt 0:03:31]} Rd7 {[%emt 0:00:09]} 29. Rf7 {[%emt 0:09:31]} Rxf7 {[%emt 0:02:01]} 30. Bxf7 {[%emt 0:00:07]} Bd6 {[%emt 0:00:03]} 31. Qg7 {[%emt 0:01:13]} Bf8 {[%emt 0:00:14]} 32. Qh7 {[%emt 0:01:08]} Qe7 {[%emt 0:02:11]} 33. Qf5 {[%emt 0:00:41]} Bc6 {[%emt 0:01:03]} 34. Bd5 {[%emt 0:01:10]} Bd7 {[%emt 0:00:30]} 35. Qf2+ {[%emt 0:00:36]} Qc5 {[%emt 0:00:06]} 36. Qxc5+ {[%emt 0:00:27]} Bxc5 {[%emt 0:00:06]} 37. e5 {[%emt 0:00:23]} Bg1 {[%emt 0:00:57]} 38. e6 {[%emt 0:00:28]} Be8 {[%emt 0:00:42]} 39. Ne4 {[%emt 0:00:54]} Kb6 {[%emt 0:00:20]} 40. Nf6 {[%emt 0:00:44]} Bg6 {[%emt 0:00:36]} 41. e7 {[%emt 1:00:46]} 1-0

[Event "Fagernes GM-A 2019"]
[Site "Fagernes"]
[Date "2019.04.18"]
[Round "6.9"]
[White "Gullaksen, Eirik"]
[Black "Efroimski, Marsel"]
[Result "1/2-1/2"]
[WhiteElo "2324"]
[BlackElo "2287"]
[Annotator "NA"]
[PlyCount "61"]
[EventDate "2019.04.14"]
[EventType "tourn"]
[EventCountry "NOR"]
[SourceTitle "playchess.com"]
[Source "ChessBase"]
[SourceQuality "1"]
[TimeControl "40/7200:3600"]

1. d4 {[%emt 0:00:08]} Nf6 {[%emt 0:01:01]} 2. c4 {[%emt 0:00:15]} e6 {[%emt 0:00:06]} 3. Nf3 {[%emt 0:00:17]} d5 {[%emt 0:00:05]} 4. Nc3 {[%emt 0:00:26]} a6 {[%emt 0:00:25]} 5. cxd5 {[%emt 0:00:34]} exd5 {[%emt 0:00:09]} 6. Bg5 {[%emt 0:00:30]} Be6 {[%emt 0:01:42]} 7. e3 {[%emt 0:01:32]} Nbd7 {[%emt 0:10:20]} 8. Be2 {[%emt 0:02:06]} Bd6 {[%emt 0:03:39]} 9. O-O {[%emt 0:03:40]} O-O {[%emt 0:02:17]} 10. Rc1 {[%emt 0:05:02]} Rc8 {[%emt 0:18:21]} 11. a3 {[%emt 0:10:05]} Qe7 {[%emt 0:05:36]} 12. Re1 {[%emt 0:04:18]} Rfe8 {[%emt 0:16:40]} 13. e4 {[%emt 0:06:03]} dxe4 {[%emt 0:01:57]} 14. Nxe4 {[%emt 0:00:44]} Bd5 {[%emt 0:08:04]} 15. Bd3 {[%emt 0:07:32]} Qf8 {[%emt 0:03:57]} 16. Bxf6 {[%emt 0:04:33]} Nxf6 {[%emt 0:03:02]} 17. Nxf6+ {[%emt 0:00:54]} gxf6 {[%emt 0:00:04]} 18. Nh4 {[%emt 0:03:51]} Rxe1+ {[%emt 0:05:19]} 19. Qxe1 {[%emt 0:02:58]} Re8 {[%emt 0:06:16]} 20. Qd2 {[%emt 0:01:01]} Qg7 {[%emt 0:01:01]} 21. g3 {[%emt 0:13:01]} Qg5 {[%emt 0:04:23]} 22. Qxg5+ {[%emt 0:03:13]} fxg5 {[%emt 0:00:01]} 23. Nf5 {[%emt 0:00:13]} Bf8 {[%emt 0:05:17]} 24. Ne3 {[%emt 0:11:46]} c6 {[%emt 0:02:08]} 25. Nxd5 {[%emt 0:07:28]} cxd5 {[%emt 0:00:01]} 26. Kf1 {[%emt 0:00:18]} Bg7 {[%emt 0:05:09]} 27. Rc7 {[%emt 0:00:16]} Rb8 {[%emt 0:02:05]} 28. Rd7 {[%emt 0:02:33]} Bxd4 {[%emt 0:00:04]} 29. Rxd5 {[%emt 0:00:07]} Bf6 {[%emt 0:01:35]} 30. b3 {[%emt 0:03:57]} Rd8 {[%emt 0:00:16]} 31. Rxd8+ {[%emt 0:20:39]} 1/2-1/2

[Event "Fagernes GM-A 2019"]
[Site "Fagernes"]
[Date "2019.04.18"]
[Round "6.10"]
[White "Royset, Pal"]
[Black "Hobber, Anders"]
[Result "1-0"]
[WhiteElo "2167"]
[BlackElo "2295"]
[Annotator "NA"]
[PlyCount "141"]
[EventDate "2019.04.14"]
[EventType "tourn"]
[EventCountry "NOR"]
[SourceTitle "playchess.com"]
[Source "ChessBase"]
[SourceQuality "1"]
[TimeControl "40/7200:3600"]

1. e4 {[%emt 0:02:46]} d5 {[%emt 0:04:20]} 2. exd5 {[%emt 0:00:32]} Qxd5 {[%emt 0:00:07]} 3. Nc3 {[%emt 0:01:37]} Qd6 {[%emt 0:00:40]} 4. d4 {[%emt 0:00:44]} Nf6 {[%emt 0:00:11]} 5. Nf3 {[%emt 0:00:56]} c6 {[%emt 0:00:15]} 6. Ne5 {[%emt 0:05:57]} Be6 {[%emt 0:00:26] B01: Scandinavian Defence} 7. Be2 {[%emt 0:06:09]} g6 {[%emt 0:10:22]} 8. O-O {[%emt 0:05:36]} Bg7 {[%emt 0:01:29]} 9. Bf4 {[%emt 0:03:53]} Qd8 {[%emt 0:01:12]} 10. Bg3 $146 {[%emt 0:07:41]} ({Predecessor:} 10. Qd2 O-O 11. Rad1 Nbd7 12. Nf3 Nb6 13. Bh6 Qd6 14. Bxg7 Kxg7 {½-½ (53) Perunovic,M (2693)-Milanovic,D (2594) Belgrade 2015}) 10... O-O {[%emt 0:00:32]} 11. Bf3 {[%emt 0:02:54]} Na6 {[%emt 0:08:23]} 12. Re1 {[%emt 0:04:23]} Nc7 {[%emt 0:09:39]} 13. Qd2 {[%emt 0:07:04]} Ncd5 {[%emt 0:02:29]} 14. Na4 {[%emt 0:00:55]} Nd7 {[%emt 0:28:16]} 15. Nxd7 {[%emt 0:08:17]} Bxd7 {[%emt 0:00:08]} 16. b3 {[%emt 0:02:53]} Bf5 {[%emt 0:05:09]} 17. Rad1 {[%emt 0:09:59]} Rc8 {[%emt 0:05:03]} 18. c4 {[%emt 0:02:00]} Nf6 {[%emt 0:00:43]} 19. Qb4 {[%emt 0:01:57]} b5 {[%emt 0:06:32]} 20. cxb5 {[%emt 0:02:15]} cxb5 {[%emt 0:02:15]} 21. Qxb5 {[%emt 0:00:26]} Rc2 {[%emt 0:00:24]} 22. Re2 {[%emt 0:05:35]} Rxe2 {[%emt 0:02:22]} 23. Qxe2 {[%emt 0:00:29]} Nd5 {[%emt 0:02:40]} 24. Qc4 {[%emt 0:07:03]} e6 {[%emt 0:01:24]} 25. Be5 {[%emt 0:04:19]} Bh6 {[%emt 0:05:46]} 26. Nc5 {[%emt 0:02:41]} Nb6 {[%emt 0:04:44]} 27. Qe2 {[%emt 0:01:01]} Nd5 {[%emt 0:01:09]} 28. Qe1 {[%emt 0:03:29]} Bc2 {[%emt 0:03:02]} 29. Rc1 {[%emt 0:01:07]} Bf5 {[%emt 0:02:39]} 30. Rc4 {[%emt 0:00:20]} Nb6 {[%emt 0:00:26]} 31. Nb7 {[%emt 0:00:45]} Qg5 {[%emt 0:02:02]} 32. Rc7 {[%emt 0:02:52]} Nd5 {[%emt 0:00:04]} 33. Bxd5 {[%emt 0:03:49]} exd5 {[%emt 0:00:01]} 34. Nd6 {[%emt 0:00:20]} Bh3 {[%emt 0:03:02]} 35. Bg3 {[%emt 0:00:07]} Be6 {[%emt 0:00:01]} 36. Rxa7 {[%emt 0:01:12]} Qd8 {[%emt 0:00:28]} 37. Qb4 {[%emt 0:01:15]} Qg5 {[%emt 0:00:23]} 38. Qc3 {[%emt 0:00:58]} Qg4 {[%emt 0:00:29]} 39. Qd3 {[%emt 0:01:15]} Rd8 {[%emt 0:00:26]} 40. h3 {[%emt 0:00:21]} Qg5 {[%emt 0:00:12]} 41. Qf3 {[%emt 0:04:07]} Rf8 {[%emt 0:01:28]} 42. a4 {[%emt 0:04:16]} Qd2 {[%emt 0:05:06]} 43. Nb5 {[%emt 0:00:26]} Bg7 {[%emt 0:02:32]} 44. Qe3 {[%emt 0:02:35]} Qd1+ {[%emt 0:02:28]} 45. Kh2 {[%emt 0:00:05]} Rc8 {[%emt 0:15:04]} 46. Rc7 {[%emt 0:02:36]} Rxc7 {[%emt 0:01:34]} 47. Bxc7 {[%emt 0:01:15]} Qc2 {[%emt 0:00:31]} 48. Be5 {[%emt 0:00:58]} Bf8 {[%emt 0:00:51]} 49. Nc7 {[%emt 0:01:36]} Qc6 {[%emt 0:01:45]} 50. Qf4 {[%emt 0:02:09]} Bf5 {[%emt 0:01:47]} 51. Qf3 {[%emt 0:02:47]} Be4 {[%emt 0:03:03]} 52. Qe3 {[%emt 0:00:11]} f6 {[%emt 0:02:19]} 53. Bg3 {[%emt 0:00:32]} Bb4 {[%emt 0:02:44]} 54. Nb5 {[%emt 0:02:07]} g5 $18 {[%emt 0:03:53]} 55. h4 {[%emt 0:01:58]} h6 {[%emt 0:00:24]} 56. f3 {[%emt 0:01:13]} Bc2 {[%emt 0:00:46]} 57. Qc1 {[%emt 0:00:27]} Kf7 {[%emt 0:02:26]} 58. Kh1 {[%emt 0:00:44]} Kg6 {[%emt 0:01:11]} 59. hxg5 {[%emt 0:03:42]} hxg5 {[%emt 0:00:02]} 60. Nc7 {[%emt 0:00:17]} g4 {[%emt 0:02:28]} 61. Nxd5 {[%emt 0:03:51]} Ba3 {[%emt 0:00:08]} 62. Nf4+ {[%emt 0:03:01]} Kf7 {[%emt 0:00:01]} 63. Qxa3 {[%emt 0:00:30]} gxf3 {[%emt 0:00:02]} 64. Qc5 {[%emt 0:01:35]} Qe4 {[%emt 0:00:40]} 65. Qh5+ {[%emt 0:01:08]} Ke7 {[%emt 0:00:36]} 66. Qxf3 {[%emt 0:02:05]} Qxd4 {[%emt 0:00:04]} 67. Qb7+ {[%emt 0:01:06]} Qd7 {[%emt 0:00:12]} 68. Nd5+ {[%emt 0:00:11]} Ke6 {[%emt 0:00:16]} 69. Qxd7+ {[%emt 0:00:15]} Kxd7 {[%emt 0:00:05]} 70. b4 {[%emt 0:00:59]} Kc6 {[%emt 0:00:22]} 71. Nc3 {[%emt 0:00:11] Kd5 [%clk 0:00:00]} 1-0

[Event "Fagernes GM-A 2019"]
[Site "Fagernes"]
[Date "2019.04.18"]
[Round "6.11"]
[White "Vorobiov, Evgeny E."]
[Black "Isha Sharma"]
[Result "1-0"]
[WhiteElo "2565"]
[BlackElo "1989"]
[Annotator "ChessBase"]
[PlyCount "85"]
[EventDate "2019.04.14"]
[EventType "tourn"]
[EventCountry "NOR"]
[SourceTitle "playchess.com"]
[Source "ChessBase"]
[SourceQuality "1"]
[TimeControl "40/7200:3600"]

1. d4 {[%emt 0:00:05]} d6 {[%emt 0:00:31]} 2. Nf3 {[%emt 0:00:06]} Nf6 {[%emt 0:00:07]} 3. c4 {[%emt 0:00:04]} g6 {[%emt 0:00:05]} 4. Nc3 {[%emt 0:00:04]} Bf5 {[%emt 0:00:05]} 5. Qb3 {[%emt 0:00:29]} b6 {[%emt 0:00:32]} 6. Ng5 {[%emt 0:02:58]} h6 {[%emt 0:13:50]} 7. e4 {[%emt 0:00:31]} Bg4 {[%emt 0:00:14]} 8. Nf3 {[%emt 0:00:22]} Nc6 {[%emt 0:00:49]} 9. d5 {[%emt 0:20:05]} Na5 {[%emt 0:02:59]} 10. Qa4+ {[%emt 0:03:01]} Bd7 {[%emt 0:00:53]} 11. Qc2 {[%emt 0:00:33]} c5 {[%emt 0:00:33]} 12. Bd3 {[%emt 0:10:03]} Bg7 {[%emt 0:01:01]} 13. O-O {[%emt 0:00:15]} O-O {[%emt 0:00:46]} 14. e5 {[%emt 0:10:32]} dxe5 {[%emt 0:05:55]} 15. Nxe5 {[%emt 0:01:17]} Ng4 {[%emt 0:16:32]} 16. Nxg4 {[%emt 0:11:02]} Bxg4 {[%emt 0:00:10]} 17. h3 {[%emt 0:00:21]} Bc8 {[%emt 0:03:20]} 18. Bf4 {[%emt 0:02:22]} Nb7 {[%emt 0:05:29]} 19. Rae1 {[%emt 0:01:52]} Nd6 {[%emt 0:01:54]} 20. Qd2 {[%emt 0:02:04]} Kh7 {[%emt 0:00:49]} 21. Re2 {[%emt 0:06:22]} a6 {[%emt 0:03:18]} 22. Rfe1 {[%emt 0:00:28]} Ra7 {[%emt 0:00:09]} 23. Be5 {[%emt 0:03:31]} Bf5 {[%emt 0:09:12]} 24. Bxd6 {[%emt 0:06:35]} Qxd6 {[%emt 0:05:43]} 25. Bxf5 {[%emt 0:00:05]} gxf5 {[%emt 0:00:08]} 26. Qc2 {[%emt 0:00:10]} Qg6 {[%emt 0:05:45]} 27. Rxe7 {[%emt 0:01:40]} Rxe7 {[%emt 0:00:09]} 28. Rxe7 {[%emt 0:00:04]} Rg8 {[%emt 0:00:06]} 29. g3 {[%emt 0:02:25]} Bf6 {[%emt 0:00:19]} 30. Re3 {[%emt 0:02:12]} Qh5 {[%emt 0:01:58]} 31. Kg2 {[%emt 0:01:04]} Rg6 {[%emt 0:00:46]} 32. Rf3 {[%emt 0:01:21]} Qh4 {[%emt 0:00:17]} 33. Qxf5 {[%emt 0:07:49]} Qxc4 {[%emt 0:02:31]} 34. Ne4 {[%emt 0:00:53]} Bxb2 {[%emt 0:01:58]} 35. Qxf7+ {[%emt 0:00:25]} Rg7 {[%emt 0:00:32]} 36. Qf5+ {[%emt 0:00:20]} Kg8 {[%emt 0:00:47]} 37. Qe6+ {[%emt 0:01:37]} Kh7 {[%emt 0:00:16]} 38. Nf6+ {[%emt 0:01:50]} Bxf6 {[%emt 0:00:55]} 39. Rxf6 {[%emt 0:00:04]} Qc1 {[%emt 0:00:07]} 40. Qf5+ {[%emt 0:00:06]} Kh8 {[%emt 0:00:13]} 41. Rf8+ {[%emt 1:00:15]} Rg8 {[%emt 1:00:10]} 42. Qf6+ {[%emt 0:00:08]} Kh7 {[%emt 0:00:19]} 43. Rf7+ {[%emt 0:00:05]} 1-0

[Event "Fagernes GM-A 2019"]
[Site "Fagernes"]
[Date "2019.04.18"]
[Round "6.12"]
[White "Mihajlov, Sebastian"]
[Black "Bjerke, Richard"]
[Result "1-0"]
[WhiteElo "2361"]
[BlackElo "2156"]
[Annotator "NA"]
[PlyCount "87"]
[EventDate "2019.04.14"]
[EventType "tourn"]
[EventCountry "NOR"]
[SourceTitle "playchess.com"]
[Source "ChessBase"]
[SourceQuality "1"]
[TimeControl "40/7200:3600"]

1. d4 {[%emt 0:04:16]} Nf6 {[%emt 0:00:23]} 2. c4 {[%emt 0:01:35]} e6 {[%emt 0:00:50]} 3. Nc3 {[%emt 0:00:21]} Bb4 {[%emt 0:00:12]} 4. f3 {[%emt 0:00:07]} d5 {[%emt 0:02:42]} 5. a3 {[%emt 0:00:38]} Bxc3+ {[%emt 0:00:55]} 6. bxc3 {[%emt 0:00:08]} c5 {[%emt 0:00:31]} 7. cxd5 {[%emt 0:00:10]} Nxd5 {[%emt 0:00:21]} 8. dxc5 {[%emt 0:00:29]} Qa5 {[%emt 0:01:24]} 9. e4 {[%emt 0:00:18]} Ne7 {[%emt 0:00:47]} 10. Be3 {[%emt 0:02:05]} O-O {[%emt 0:01:46]} 11. Qb3 {[%emt 0:00:54]} Nec6 {[%emt 0:00:25]} 12. Nh3 {[%emt 0:07:19]} Nd7 {[%emt 0:05:25]} 13. Bb5 {[%emt 0:02:36]} Qc7 {[%emt 0:04:52]} 14. O-O {[%emt 0:05:15]} Na5 {[%emt 0:08:02]} 15. Qb4 {[%emt 0:01:12]} a6 {[%emt 0:01:17]} 16. Ba4 {[%emt 0:15:09]} e5 {[%emt 0:10:18]} 17. Rfd1 {[%emt 0:08:06]} Nf6 {[%emt 0:01:12]} 18. Rab1 {[%emt 0:12:58]} h6 {[%emt 0:02:40]} 19. Nf2 {[%emt 0:05:20]} Be6 {[%emt 0:13:57]} 20. Rd6 {[%emt 0:01:41]} Rac8 {[%emt 0:06:03]} 21. Rb6 {[%emt 0:01:41]} Nc4 {[%emt 0:02:56]} 22. Rxe6 {[%emt 0:00:20]} Nxe3 {[%emt 0:00:40]} 23. Rb6 {[%emt 0:01:28]} Qxc5 {[%emt 0:01:33]} 24. Rxb7 {[%emt 0:00:05]} Qxc3 {[%emt 0:01:00]} 25. Bb3 {[%emt 0:01:03]} Qxb4 {[%emt 0:10:31]} 26. axb4 {[%emt 0:00:04]} Nc2 {[%emt 0:09:06]} 27. Nd3 {[%emt 0:01:06]} Nd4 {[%emt 0:00:10]} 28. Nxe5 {[%emt 0:03:49]} Nxb3 {[%emt 0:00:33]} 29. Rxb3 {[%emt 0:00:03]} Rc2 {[%emt 0:01:37]} 30. Rd3 {[%emt 0:01:55]} Rb2 {[%emt 0:04:24]} 31. Nc4 {[%emt 0:06:11]} Rb1+ {[%emt 0:03:47]} 32. Kf2 {[%emt 0:00:04]} Rc8 {[%emt 0:00:06]} 33. Nd6 {[%emt 0:01:19]} Rc2+ {[%emt 0:01:58]} 34. Ke3 {[%emt 0:00:04]} Rxg2 {[%emt 0:02:10]} 35. Nxf7 {[%emt 0:01:03]} Re1+ {[%emt 0:05:05]} 36. Kf4 {[%emt 0:00:48]} Rf2 {[%emt 0:01:45]} 37. e5 {[%emt 0:02:30]} Nh5+ {[%emt 0:02:00]} 38. Kf5 {[%emt 0:00:28]} Kh7 {[%emt 0:02:26]} 39. Rb8 {[%emt 0:01:23]} g6+ {[%emt 0:00:57]} 40. Ke6 {[%emt 0:00:03]} Nf4+ {[%emt 0:00:40]} 41. Kf6 {[%emt 1:00:05]} Nh5+ {[%emt 1:00:08]} 42. Ke7 {[%emt 0:00:24]} Rc2 {[%emt 0:00:00]} 43. Rdd8 {[%emt 0:00:00]} Rc7+ {[%emt 0:00:00]} 44. Kd6 {[%emt 0:00:00]} 1-0

[Event "Fagernes GM-A 2019"]
[Site "Fagernes"]
[Date "2019.04.18"]
[Round "6.13"]
[White "Kizatbay, Abyl"]
[Black "Ingebretsen, Jens E"]
[Result "1-0"]
[WhiteElo "2108"]
[BlackElo "2300"]
[Annotator "NA"]
[PlyCount "79"]
[EventDate "2019.04.14"]
[EventType "tourn"]
[EventCountry "NOR"]
[SourceTitle "playchess.com"]
[Source "ChessBase"]
[SourceQuality "1"]
[TimeControl "40/7200:3600"]

1. e4 {[%emt 0:00:17]} e5 {[%emt 0:00:07]} 2. Nf3 {[%emt 0:00:36]} Nc6 {[%emt 0:00:07]} 3. d4 {[%emt 0:00:18]} exd4 {[%emt 0:00:06]} 4. Bc4 {[%emt 0:00:03]} Nf6 {[%emt 0:00:07]} 5. e5 {[%emt 0:00:46]} d5 {[%emt 0:00:06]} 6. Bb5 {[%emt 0:00:03]} Ne4 {[%emt 0:00:18]} 7. Nxd4 {[%emt 0:00:06]} Bd7 {[%emt 0:01:15]} 8. Bxc6 {[%emt 0:00:10]} bxc6 {[%emt 0:01:43]} 9. O-O {[%emt 0:00:22]} Be7 {[%emt 0:05:05]} 10. f3 {[%emt 0:08:32]} Nc5 {[%emt 0:00:10]} 11. Be3 {[%emt 0:04:07]} O-O {[%emt 0:02:38]} 12. Nd2 {[%emt 0:03:49]} Na4 {[%emt 0:04:15]} 13. b3 {[%emt 0:09:28]} Nc3 {[%emt 0:04:45]} 14. Qe1 {[%emt 0:00:07]} c5 {[%emt 0:00:58]} 15. Ne2 {[%emt 0:02:38]} Bb5 {[%emt 0:03:06]} 16. Nxc3 {[%emt 0:04:29]} Bxf1 {[%emt 0:00:10]} 17. Nxf1 {[%emt 0:00:58]} d4 {[%emt 0:00:06]} 18. Rd1 {[%emt 0:00:40]} Bh4 {[%emt 0:20:21]} 19. Bf2 {[%emt 0:05:26]} Bxf2+ {[%emt 0:00:15]} 20. Qxf2 {[%emt 0:04:57]} Qe8 {[%emt 0:00:15]} 21. Na4 {[%emt 0:07:48]} Qxe5 {[%emt 0:00:18]} 22. Nd2 {[%emt 0:01:07]} Rad8 {[%emt 0:02:02]} 23. Nc4 {[%emt 0:05:01]} Qf5 {[%emt 0:01:00]} 24. Nab2 {[%emt 0:08:24]} Rfe8 {[%emt 0:02:06]} 25. Nd3 {[%emt 0:00:40]} h5 {[%emt 0:02:07]} 26. Re1 {[%emt 0:04:28]} f6 {[%emt 0:03:13]} 27. h4 {[%emt 0:05:16]} Kf8 {[%emt 0:02:14]} 28. a4 {[%emt 0:02:27]} Kg8 {[%emt 0:05:03]} 29. Qg3 {[%emt 0:02:00]} Kh7 {[%emt 0:03:08]} 30. Kf1 {[%emt 0:04:18]} Rxe1+ {[%emt 0:07:56]} 31. Qxe1 {[%emt 0:00:48]} Qg6 {[%emt 0:02:59]} 32. Qe7 {[%emt 0:05:19]} Rd5 {[%emt 0:03:59]} 33. Nf4 {[%emt 0:09:21]} Qxc2 {[%emt 0:00:30]} 34. Nxd5 {[%emt 0:00:05]} Qxb3 {[%emt 0:00:25]} 35. Qxc5 {[%emt 0:00:59]} d3 {[%emt 0:01:56]} 36. Nde3 {[%emt 0:02:49]} Qc3 {[%emt 0:00:40]} 37. Qxh5+ {[%emt 0:00:38]} Kg8 {[%emt 0:00:01]} 38. Qd5+ {[%emt 0:03:58]} Kh8 {[%emt 0:00:19]} 39. Qa5 {[%emt 0:04:53]} Qd4 {[%emt 0:00:43]} 40. Qh5+ {[%emt 0:00:20]} 1-0

[Event "Fagernes GM-A 2019"]
[Site "Fagernes"]
[Date "2019.04.18"]
[Round "6.14"]
[White "Abdrlauf, Elham"]
[Black "Dahl, Trygve"]
[Result "1-0"]
[WhiteElo "2123"]
[BlackElo "2275"]
[Annotator "NA"]
[PlyCount "85"]
[EventDate "2019.04.14"]
[EventType "tourn"]
[EventCountry "NOR"]
[SourceTitle "playchess.com"]
[Source "ChessBase"]
[SourceQuality "1"]
[TimeControl "40/7200:3600"]

1. e4 {[%emt 0:00:40]} c5 {[%emt 0:00:10]} 2. Nf3 {[%emt 0:00:13]} Nc6 {[%emt 0:00:29]} 3. d4 {[%emt 0:00:25]} cxd4 {[%emt 0:00:03]} 4. Nxd4 {[%emt 0:00:09]} Qc7 {[%emt 0:00:02]} 5. Nc3 {[%emt 0:00:10]} e6 {[%emt 0:00:07]} 6. g4 {[%emt 0:00:06]} a6 {[%emt 0:05:44]} 7. Be3 {[%emt 0:01:37]} Bb4 {[%emt 0:01:30]} 8. Nxc6 {[%emt 0:00:10]} bxc6 {[%emt 0:12:35]} 9. Qd4 {[%emt 0:00:11]} Be7 {[%emt 0:00:39]} 10. g5 {[%emt 0:05:48]} e5 {[%emt 0:01:52]} 11. Qd2 {[%emt 0:02:26]} Rb8 {[%emt 0:05:10]} 12. Rb1 {[%emt 0:10:18]} Qa5 {[%emt 0:10:34]} 13. Bc4 {[%emt 0:01:37]} h6 {[%emt 0:11:03]} 14. g6 {[%emt 0:20:41]} fxg6 {[%emt 0:01:43]} 15. Rg1 {[%emt 0:00:46]} Nf6 {[%emt 0:06:51]} 16. a3 {[%emt 0:31:38]} g5 {[%emt 0:07:01]} 17. b4 {[%emt 0:03:11]} Qd8 {[%emt 0:06:16]} 18. Ke2 {[%emt 0:00:57]} Bb7 {[%emt 0:07:21]} 19. Rbd1 {[%emt 0:03:20]} d6 {[%emt 0:17:14]} 20. f3 {[%emt 0:03:57]} Qc7 {[%emt 0:02:13]} 21. Bb3 {[%emt 0:02:19]} Rd8 {[%emt 0:02:16]} 22. Na4 {[%emt 0:00:35]} Qd7 {[%emt 0:02:09]} 23. Rg3 {[%emt 0:04:29]} d5 {[%emt 0:01:09]} 24. Bb6 {[%emt 0:00:56]} O-O {[%emt 0:01:12]} 25. Bxd8 {[%emt 0:00:38]} Qxd8 {[%emt 0:00:51]} 26. exd5 {[%emt 0:01:04]} cxd5 {[%emt 0:00:41]} 27. Nc3 {[%emt 0:00:25]} Kh8 {[%emt 0:00:43]} 28. Nxd5 {[%emt 0:00:52]} Nh5 {[%emt 0:00:20]} 29. Rg4 {[%emt 0:05:14]} Qd7 {[%emt 0:01:04]} 30. Qe3 {[%emt 0:00:51]} Qf5 {[%emt 0:02:11]} 31. Nxe7 {[%emt 0:01:42]} Bxf3+ {[%emt 0:00:08]} 32. Ke1 {[%emt 0:00:11]} Qf6 {[%emt 0:00:39]} 33. Nd5 {[%emt 0:01:27]} Qf5 {[%emt 0:01:45]} 34. Rg1 {[%emt 0:00:44]} Bxd1 {[%emt 0:01:49]} 35. Kxd1 {[%emt 0:00:02]} Nf4 {[%emt 0:00:05]} 36. Kc1 {[%emt 0:01:09]} e4 {[%emt 0:00:44]} 37. Nc3 {[%emt 0:00:52]} Qe5 {[%emt 0:00:38]} 38. Kb1 {[%emt 0:01:07]} Rc8 {[%emt 0:00:11]} 39. Ne2 {[%emt 0:00:53]} a5 {[%emt 0:01:18]} 40. Qd4 {[%emt 0:01:04]} Qe7 {[%emt 0:01:04]} 41. Nxf4 {[%emt 1:00:39]} gxf4 {[%emt 1:00:03]} 42. Rg6 {[%emt 0:00:06]} Kh7 {[%emt 0:00:00]} 43. Re6 {[%emt 0:00:00]} 1-0

[Event "Fagernes GM-A 2019"]
[Site "Fagernes"]
[Date "2019.04.18"]
[Round "6.15"]
[White "Nordquelle, Daniel"]
[Black "Vitenberg, Noam Aviv"]
[Result "0-1"]
[WhiteElo "2264"]
[BlackElo "2203"]
[Annotator "NA"]
[PlyCount "76"]
[EventDate "2019.04.14"]
[EventType "tourn"]
[EventCountry "NOR"]
[SourceTitle "playchess.com"]
[Source "ChessBase"]
[SourceQuality "1"]
[TimeControl "40/7200:3600"]

1. e4 {[%emt 0:00:03]} c6 {[%emt 0:00:06]} 2. d4 {[%emt 0:00:03]} d5 {[%emt 0:00:04]} 3. e5 {[%emt 0:00:04]} Bf5 {[%emt 0:00:05]} 4. h4 {[%emt 0:00:04]} h5 {[%emt 0:00:04]} 5. c4 {[%emt 0:00:03]} e6 {[%emt 0:00:04]} 6. Nc3 {[%emt 0:00:02]} Ne7 {[%emt 0:00:07]} 7. Nge2 $11 {[%emt 0:00:04]} Nd7 {[%emt 0:00:07]} 8. Ng3 {[%emt 0:00:05]} Bg6 {[%emt 0:00:14]} 9. Be3 {[%emt 0:00:04]} Nf5 {[%emt 0:07:12]} 10. Nxf5 {[%emt 0:00:08]} Bxf5 {[%emt 0:00:10]} 11. cxd5 {[%emt 0:00:12]} cxd5 {[%emt 0:02:01]} 12. Be2 {[%emt 0:00:07]} Bg6 {[%emt 0:13:29]} 13. g3 {[%emt 0:00:19]} Be7 {[%emt 0:02:57]} 14. O-O {[%emt 0:00:45]} Rc8 {[%emt 0:01:22]} 15. a4 {[%emt 0:03:16]} Bf5 {[%emt 0:17:40]} 16. Qd2 {[%emt 0:07:34]} f6 {[%emt 0:07:07]} 17. exf6 {[%emt 0:02:06]} Nxf6 {[%emt 0:03:05]} 18. Bg5 {[%emt 0:16:58]} O-O {[%emt 0:12:11]} 19. Qe3 {[%emt 0:01:29]} Qb6 {[%emt 0:06:03]} 20. Bxh5 {[%emt 0:08:09]} Qxb2 {[%emt 0:05:13]} 21. Ne2 {[%emt 0:00:13]} Bd6 {[%emt 0:05:10]} 22. Bf3 {[%emt 0:12:00]} Ng4 {[%emt 0:04:51]} 23. Bxg4 {[%emt 0:12:01]} Bxg4 {[%emt 0:00:10]} 24. Nf4 {[%emt 0:08:25]} Rc3 {[%emt 0:06:32]} 25. Qe1 {[%emt 0:00:10]} Rf3 {[%emt 0:04:50]} 26. Rd1 {[%emt 0:09:58]} Bxf4 {[%emt 0:04:56]} 27. Bxf4 {[%emt 0:00:20]} Bh3 {[%emt 0:02:00]} 28. Rb1 {[%emt 0:35:18]} Qxd4 {[%emt 0:00:58]} 29. Qe2 {[%emt 0:00:00]} R8xf4 {[%emt 0:00:46]} 30. gxf4 {[%emt 0:00:00]} Qxf4 {[%emt 0:00:58]} 31. Kh1 {[%emt 0:00:00]} Bg4 {[%emt 0:00:44]} 32. Kg1 {[%emt 0:00:00]} Bh3 {[%emt 0:03:08]} 33. Kh1 {[%emt 0:00:00]} Bg4 {[%emt 0:00:41]} 34. Kg1 {[%emt 0:00:00]} Rh3 {[%emt 0:00:21]} 35. f3 {[%emt 0:00:00]} Rg3+ {[%emt 0:00:15]} 36. Kh2 {[%emt 0:00:00]} Rxf3+ {[%emt 0:00:32]} 37. Kg1 {[%emt 0:00:00]} Qd4+ {[%emt 0:00:31]} 38. Kg2 {[%emt 0:00:00]} Rg3+ {[%emt 0:00:13]} 0-1